|
|
|
|
| LEADER |
01684nam a2200385 i 4500 |
| 001 |
36287 |
| 003 |
BD-DhAAL |
| 005 |
20211130143739.0 |
| 008 |
191014t1978 njua b 101 0 eng |
| 999 |
|
|
|c 41535
|d 41535
|
| 010 |
|
|
|a 78008914
|
| 020 |
|
|
|a 0470264152 (wiley)
|
| 035 |
|
|
|a (CStRLIN)NYCX3892882B
|
| 035 |
|
|
|a (NIC)notisADE3238
|
| 035 |
|
|
|a (OCoLC)3892882
|
| 035 |
|
|
|a 743597
|
| 040 |
|
|
|a DLC
|c DLC
|d NIC
|d BD-DhAAL
|
| 043 |
|
|
|a n-us---
|
| 050 |
0 |
|
|a LB1028
|b .R338
|
| 082 |
|
|
|a 370.78073
|
| 245 |
0 |
0 |
|a Research and development and school change :
|b a symposium of the Learning Research and Development Center, University of Pittsburgh /
|c edited by Robert Glaser ; Robert Glaser and William Cooley
|
| 260 |
|
|
|a Hillsdale, N.J. :
|b Lawrence Erlbaum Associates ;
|a New York :
|b Halsted Press Division, Wiley,
|c 1978.
|
| 300 |
|
|
|a xvi, 109 pages :
|b illustrations ;
|c 22 cm.
|
| 504 |
|
|
|a Includes bibliographies and index.
|
| 526 |
|
|
|a BIED
|
| 541 |
|
|
|a Complimentary copy from BIED
|e 36287
|
| 650 |
|
0 |
|a Education
|x Research
|z United States
|x Congresses.
|9 35949
|
| 650 |
|
7 |
|a Education
|x Research
|x Social science
|9 35950
|
| 651 |
|
7 |
|a United States
|9 35951
|
| 700 |
1 |
|
|a Glaser, Robert,
|d 1921-2012.
|9 35952
|
| 700 |
1 |
|
|a Bloom, Benjamin S.
|q (Benjamin Samuel),
|d 1913-1999.
|9 35953
|
| 710 |
2 |
|
|a University of Pittsburgh.
|b Learning Research and Development Center.
|9 35954
|
| 852 |
|
|
|a Ayesha Abed Library
|c BIED Collection
|
| 942 |
|
|
|2 ddc
|c BK
|
| 952 |
|
|
|0 0
|1 0
|2 ddc
|4 0
|6 370_780730000000000_RES
|7 0
|9 66704
|a BRACUL
|b BRACUL
|c GEN
|d 2019-10-14
|e Complimentary copy from BIED
|l 0
|o 370.78073 RES
|p 3010036287
|r 2019-10-14
|t 1
|w 2019-10-14
|y BK
|x Transferred from BIED to General Stacks
|